| 000 | 00677cam a22002413a 4500 | ||
|---|---|---|---|
| 001 | 30687 | ||
| 003 | PGUSA | ||
| 005 | 20140828083650.0 | ||
| 008 | 091216s2009||||xxu|||||s|||||000 p eng d | ||
| 040 |
_aPGUSA _beng |
||
| 042 | _adc | ||
| 050 | 4 | _aPR | |
| 100 | 1 |
_aNoyes, Alfred, _d1880-1958 |
|
| 245 | 1 | 4 |
_aThe Lord of Misrule, and Other Poems _h[electronic resource] / _cAlfred Noyes |
| 260 |
_bProject Gutenberg, _c2009 |
||
| 506 | _aPublic domain in the USA. | ||
| 516 | _aElectronic text | ||
| 653 | _aPoetry | ||
| 700 | 1 |
_aNichols, Spencer Baird, _d1875-1950 |
|
| 830 | 0 |
_aProject Gutenberg _v30687 |
|
| 856 | 4 | 0 | _uhttp://www.gutenberg.org/ebooks/30687 |
| 942 | _cEB | ||
| 999 |
_c259942 _d259942 |
||